all mlb teams best player of all time based off of war - Statistics

General Stats
  • This quiz has been taken 49 times
  • The average score is 21 of 30
Answer Stats
Hint Answer % Correct
yankees Babe Ruth
100%
mainers Ken Griffey Jr
95%
orioles Cal Ripken jr
86%
angels Mike Trout
84%
reds Pete Rose
84%
diamondbacks Randy Johnson
84%
red sox Ted Williams
84%
tigers Ty Cobb
84%
twins Walter Johnson
84%
giants Willie Mays
84%
royals George Brett
81%
cardinals Stan Musial
81%
padres Tony Gwynn
81%
astros Jeff Bagwell
78%
brewers Robin Yount
78%
phillies Mike Schmidt
76%
dodgers Clayton Kershaw
73%
pirates Honus wagner
73%
Rockies Todd Helton
73%
mets Tom Seaver
73%
rays Evan Longoria
68%
nationals Gary Carter
68%
marlins Giancarlo Stanton
65%
rangers Ivan Rodriguez
65%
guardians Nap Lajoie
54%
cubs Cap Anson
49%
blue jays Dave Stieb
38%
athletics Eddie Plank
27%
white sox Luke Appling
27%
braves Henry Aaron
22%
No matching quizzes found
Score Distribution
Percent of People with Each Score
Percentile by Number Answered
Your Score History
You have not taken this quiz